Turkish Singers Participating in the Eurovision Contest - Statistics

General Stats
  • This quiz has been taken 16 times
  • The average score is 15 of 35
Answer Stats
Yıl Sıralama Şarkıcı % Correct
2003 1. Sertab Erener
100%
2009 4. Hadise
93%
2004 4. Athena
80%
2012 7. Can Bonomo
80%
1991 12. İzel & Reyhan & Can
80%
2010 2. MaNga
80%
2008 7. Mor ve Ötesi
80%
2007 4. Kenan Doğulu
67%
1985 14. MFÖ
60%
1988 15. MFÖ
60%
1996 12. Şebnem Paker
60%
1997 3. Şebnem Paker & Grup Etnik
60%
2011 Finale Yükselemedi Yüksek Sadakat
60%
1980 15. Ajda Pekkan
40%
2006 11. Sibel Tüzün
40%
1983 Sonuncu Çetin Alp & Kısa Dalga
33%
2005 13. Gülseren
33%
2002 16. Buket Bengisu & Grup Safir
27%
1990 17. Kayahan
27%
1986 9. Klips ve Onlar
27%
1978 18. Nilüfer & Grup Nazar
27%
1975 Sonuncu Semiha Yankı
27%
1987 Sonuncu Seyyal Taner & Grup Lokomotif
27%
1999 16. Tuba Önal & Grup Mistik
27%
1995 16. Arzu Ece
20%
1992 19. Aylin Vatankoş
20%
1984 12. Beş Yıl Önce, On Yıl Sonra
20%
1993 21. Burak Aydos
20%
1979 Çekildi Maria Rita Epik & 21. Peron
20%
2001 11. Sedat Yüce
20%
1998 14. Tüzmen
20%
1989 21. Grup Pan
13%
1982 15. Neco
13%
2000 10. Pınar Ayhan & Grup SOS
13%
1981 18. Modern Folk Üçlüsü & Ayşegül Aldinç
7%
No matching quizzes found
Score Distribution
Percent of People with Each Score
Percentile by Number Answered
Your Score History
You have not taken this quiz